Score 0/36 Timer 07:00
5 Plays Today
Hint Answer % Correct
Flag ColorRed
95.7%
Flag ColorBlue
94.1%
Flag ColorYellow
93%
Largest RiverThe Congo River
88.7%
Drives on the ___ side of the roadRight
88%
Official LanguageFrench
87.7%
Official NameDemocratic Republic of the Congo
87.3%
Bordering OceanAtlantic Ocean
82%
Lowest Point (0m)Atlantic Ocean
80.8%
Bordering CountryRwanda
80.7%
Bordering CountryRepublic of the Congo
80.2%
Bordering CountryUganda
78.2%
Bordering CountryAngola
76.9%
Bordering CountryCentral African Republic
76.9%
Majority ReligionChristianity
74.3%
Bordering CountryZambia
72.9%
Bordering CountryBurundi
72.2%
Formerly Named (most recently)Zaire
72.1%
Hint Answer % Correct
Bordering CountryTanzania
69.5%
Capital CityKinshasa
68.7%
Bordering CountrySouth Sudan
68.5%
Independence FromBelgium
66.9%
CurrencyCongolese franc (CDF)
65.6%
DemonymCongolese
63.4%
Recognized National LanguageSwahili
54%
PresidentFélix Tshisekedi
19.4%
Recognized National LanguageLingala
17.6%
Second Largest CityLubumbashi
17.4%
Recognized National LanguageKikongo
14.6%
Independence DayJune 30, 1960
13.8%
MottoJustice, Paix, Travail (Justice, Peace, Work)
13.2%
Prime MinisterSylvestre Ilunga
13%
Recognized National LanguageTshiluba
12.1%
Third Largest CityMbuji-Mayi
11.3%
AnthemDebout Congolais
11.2%
Highest Point (5,109m)Mount Stanley
9%
Remove Ads.
Support Sporcle.
Get the best of Sporcle when you Go Orange. This ad-free experience offers more features, more stats, and more fun while also helping to support Sporcle. Thank you for becoming a member.

You're not logged in!

Compare scores with friends on all Sporcle quizzes.
OR
Log In

Sporcle TV

Today on Sporcle TV


Watch our educational content, quiz creation guides, and fun videos on Sporcle TV.

Show Comments

Extras

Top Quizzes Today


Score Distribution

Paid Content

Your Account Isn't Verified!

In order to create a playlist on Sporcle, you need to verify the email address you used during registration. Go to your Sporcle Settings to finish the process.

Report this User

Report this user for behavior that violates our Community Guidelines.

Details: